Gay youth; (Record no. 17979)

MARC details
000 -LEADER
fixed length control field 00614cam a22002051 4500
001 - CONTROL NUMBER
control field ca 36000096
003 - CONTROL NUMBER IDENTIFIER
control field DLC
005 - DATE AND TIME OF LATEST TRANSACTION
control field 20260227111139.0
008 - FIXED-LENGTH DATA ELEMENTS--GENERAL INFORMATION
fixed length control field 890717s1936 maua 000 0 eng
010 ## - LIBRARY OF CONGRESS CONTROL NUMBER
LC control number ca 36000096
035 ## - SYSTEM CONTROL NUMBER
System control number (OCoLC)20018983
040 ## - CATALOGING SOURCE
Original cataloging agency DLC
Transcribing agency RPB
Modifying agency RPB
-- DLC
050 00 - LIBRARY OF CONGRESS CALL NUMBER
Classification number PS3503.A5587
Item number G3 1936
082 ## - DEWEY DECIMAL CLASSIFICATION NUMBER
Classification number 812.5
100 1# - MAIN ENTRY--PERSONAL NAME
Personal name Barbee, Lindsey,
Dates associated with a name 1876-
245 10 - TITLE STATEMENT
Title Gay youth;
Remainder of title a comedy in three acts,
Statement of responsibility, etc. by Lindsey Barbee ...
260 ## - PUBLICATION, DISTRIBUTION, ETC.
Place of publication, distribution, etc. Boston, Mass.,
-- Los Angeles, Cal.
Name of publisher, distributor, etc. [Walter H. Baker Company,
Date of publication, distribution, etc. c1936]
300 ## - PHYSICAL DESCRIPTION
Extent 100 p.
Other physical details diagr.
Dimensions 19 cm.
490 0# - SERIES STATEMENT
Series statement Baker's edition of plays

No items available.

Powered by Koha